Normal view
MARC view
- Houlsby, A. C
Entry Personal Name
001 - CONTROL NUMBER
- control field: 45292
003 - CONTROL NUMBER IDENTIFIER
- control field: NUST
005 - DATE AND TIME OF LATEST TRANSACTION
- control field: 20210314133217.0
008 - FIXED-LENGTH DATA ELEMENTS
- fixed length control field: 210314|| aca||aabn | a|a d
040 ## - CATALOGING SOURCE
- Original cataloging agency: NUST
- Transcribing agency: NUST
100 ## - HEADING--PERSONAL NAME
- Personal name: Houlsby, A. C
670 ## - SOURCE DATA FOUND
- Source citation: Work cat.: (NUST): Houlsby, A. C., Construction and design of cement grouting :, c1990.
